00728nam a2200205 4500999001500000001000600015003000900021005001700030008004100047040003800088082002400126245007400150260004500224300002200269505001200291650004400303700003600347942001200383952012700395 c1864d186419477BD-DhUAP20200217114322.0200217s2015 bg x p w 0 a0eng d aBD-DhAALcBD-DhAALbEngdBD-DhUAP00223a340.5492115 BAN00aBangladesh legal decision /cEdited by Sheikh Muhammed Serajul Islam. aDhaka :bBangladesh Bar Council,cc2015. avolumes ;c26 cm. aV. 35-- aLawxPsychological aspectszBangladesh. aIslam, Sheikh Muhammed Serajul. 2ddccBK 00102ddc4070aUAPCLbUAPCLcGeneral Stacksd2020-02-17o340.5492115 BAN V-35p3010019477r2020-02-17t1w2020-02-17yBK